000 00523nmm a2200169Ia 4500
008 251105s9999||||xx |||||||||||||||||und||
020 _a9789871518128
041 _aspa
100 _aAlvarez, María Franci Sussan
245 0 _aPocos ganan, muchos pierden :
_b Soja, agroquímicos y salud
264 _a[Buenos Aires, Argentina] :
_bEduvim,
_c2009
300 _a140 páginas
490 _aCuadernos de investigación
650 _aAgriculture
856 _uhttps://public.digitaliapublishing.com/a/14434
942 _cCF
999 _c97232
_d97232